00381nam a2200157Ia 45000010006000000050017000060080041000230410008000640820022000721000026000942450041001202600009001613000037001706500008002076540008002151773420260306171539.0260306s9999||||xx |||||||||||||| ||und|| aESP a658.15bR84F 2014 aRoss, Stephen A.eAUT 0aFundamentos de finanzas corporativas c2014 axxxviii, 751 páginas :c27 cm. aGEN aCAN